| 000 | 00471nam a22001817a 4500 | ||
|---|---|---|---|
| 003 | CEME | ||
| 005 | 20210628203312.0 | ||
| 008 | 210121b xxu||||| |||| 00| 0 eng d | ||
| 020 | _a81-307-0605-9 | ||
| 040 | _cceme | ||
| 082 | _a822.409 CHE | ||
| 100 |
_aChekhov, Anton _9319 |
||
| 245 | _aThe cherry orchard , and other plays | ||
| 260 |
_aNEW DELHI _bCOSMO PUBLICATIONS _c2007 |
||
| 300 | _a173 P | ||
| 650 |
_aTHE CHERRY ORCHARD PLAYS. _964586 |
||
| 942 |
_cBK _2ddc |
||
| 999 |
_c573031 _d573031 |
||